书目信息 |
| 题名: |
马列文论引论
|
|
| 作者: | 傅腾霄 主编 | |
| 分册: | ||
| 出版信息: | 北京 科学文献出版社 1999.06 |
|
| 页数: | 331页 | |
| 开本: | 32开 | |
| 丛书名: | ||
| 单 册: | ||
| 中图分类: | A811.691 | |
| 科图分类: | ||
| 主题词: | 马恩著作--学习 , 马恩著作研究 | |
| 电子资源: | ||
| ISBN: | 7-80149-179-3 | |
| 000 | 00583nam0 2200205 45 | |
| 001 | 0010221571 | |
| 005 | 20010523105335.7 | |
| 010 | @a7-80149-179-3@d19.80元 | |
| 100 | @a20001022d1999 km y0chiy0120 ea | |
| 101 | 0 | @achi |
| 105 | @a z 000yy | |
| 200 | 1 | @a马列文论引论@AMa Lie Wen Lun Yin Lun@f傅腾霄主编@FFu Teng Xiao Zhu Bian |
| 210 | @a北京@c科学文献出版社@d1999.06 | |
| 215 | @a331页@d32开 | |
| 606 | 0 | @a马恩著作@x学习 |
| 606 | 0 | @a马恩著作研究 |
| 690 | @aA811.691@v3 | |
| 701 | 0 | @a傅腾霄@4主编 |
| 801 | @aCN@bPftUser@c20001022 | |
| 905 | @dA811.691@eF891@b182402-403@f2 | |
| 马列文论引论/傅腾霄主编.-北京:科学文献出版社,1999.06 |
| 331页;32开 |
| ISBN 7-80149-179-3:19.80元 |
| ● |
| 相关链接 |
|
|
|
正题名:马列文论引论
索取号:A811.691/F891
 
预约/预借
| 序号 | 登录号 | 条形码 | 馆藏地/架位号 | 状态 | 备注 |
| 1 | 182402 | 201824026 | 社科库509/509社科库 4排3列1层/ [索取号:A811.691/F891] | 在馆 | |
| 2 | 182403 | 201824035 | 社科库509/509社科库 4排3列1层/ [索取号:A811.691/F891] | 在馆 |